Countries In Our World: Pakistan

Saved in:
Bibliographic Details
Main Author: Andrew Langley
Format: Book
Published: Franklin Watts
Tags: Add Tag
No Tags, Be the first to tag this record!
LEADER 00744cam a22001937a 4500
001 (Sirsi) i9780749691998
005 20190330161934.0
008 190219n xx ||||||||||||||||| |d
020 |a 9780749691998 
040 |a SMLIBRARY  |b eng  |c SMLIBRARY  |e AACR2 
100 |a Andrew Langley 
245 1 |a Countries In Our World: Pakistan 
260 |b Franklin Watts 
901 |a J 954.9 LAN  |i bk10011146c  |m SMLIBRARY  |l JUNIOR  |t BOOK  |p 84.15  |x JUNIOR  |z JNFIC  |u 18/11/2013 
903 |a SMLNEWITEM 
904 |a 1 
942 |2 ddc  |c BOOK 
952 |0 0  |1 0  |2 ddc  |4 0  |6 J_954_900000000000000_LAN  |7 0  |8 JUNIOR | JNFIC  |9 35416  |a SMLIBRARY  |b SMLIBRARY  |c JUNIOR  |d 2013-11-18  |g 84.15  |l 0  |o J 954.9 LAN  |p BK10011146C  |r 2019-03-30 00:00:00  |t 1  |v 84.15  |w 2019-06-25  |y JRBOOK 
999 |c 29980  |d 29980